000 00242nam a2200097Ia 4500
001 1045136
005 20250826232153.0
008 250824s9999 xx 000 0 und d
245 0 _aHAYAT APARTMANI
_cMUSTAFA ULUSOY
260 _bKETEBE YAYINLARI
999 _c1045136
_d1045136